Comuni della Provincia di Brindisi (con mappa) - Statistics

Statistiche generali
  • Questo quiz è stato fatto 98 volte
  • Il punteggio medio è 15 su 20
Risposte nella Mappa
Le risposte nella mappa del quiz sottostante sono codificate secondo una scala di colori dal rosso al verde in base alla % di persone che hanno risposto correttamente.
 
Statistiche sulle risposte
Risposta % Corretto
Brindisi
100%
Fasano
88%
Ostuni
88%
Mesagne
86%
San Pancrazio Salentino
81%
Ceglie Messapica
79%
Cisternino
79%
Carovigno
76%
Francavilla Fontana
76%
Cellino San Marco
74%
San Pietro Vernotico
74%
San Michele Salentino
69%
Oria
67%
San Donaci
67%
San Vito dei Normanni
67%
Villa Castelli
67%
Torchiarolo
64%
Latiano
62%
Torre Santa Susanna
62%
Erchie
60%
Nessun quiz corrispondente trovato
Distribuzione punteggi
Percentuale di utenti per punteggio
Percentile per numero di risposta
I tuoi punteggi nel tempo
Non hai fatto questo quiz